000 00275nam a22001337a 4500
003 SGT
082 _a370
_bD16S
100 _aSINGH, S.R.
245 _aDICTIONARY OF COMMERCE
260 _aNEW DELHI
_bAPH PUB
_c2016
300 _a284
650 _aEDUCATION
942 _2ddc
_cBK
999 _c12253
_d12253